<?xml version="1.0" encoding="UTF-8"?>
<record
    xmlns:xsi="http://www.w3.org/2001/XMLSchema-instance"
    xsi:schemaLocation="http://www.loc.gov/MARC21/slim http://www.loc.gov/standards/marcxml/schema/MARC21slim.xsd"
    xmlns="http://www.loc.gov/MARC21/slim">

  <leader>00747caa a22002417a 4500</leader>
  <datafield tag="999" ind1=" " ind2=" ">
    <subfield code="c">408487</subfield>
    <subfield code="d">408487</subfield>
  </datafield>
  <controlfield tag="001"> 122280 </controlfield>
  <controlfield tag="003">UA-OsUOA</controlfield>
  <controlfield tag="005">20200104233130.0</controlfield>
  <controlfield tag="007">ta</controlfield>
  <controlfield tag="008">20170424b un ||||| |||| 00| 0 ukr d</controlfield>
  <datafield tag="040" ind1=" " ind2=" ">
    <subfield code="a">UA-OsUOA</subfield>
    <subfield code="b">ukr</subfield>
    <subfield code="c">UA-OsUOA</subfield>
    <subfield code="d">UA-OsUOA</subfield>
  </datafield>
  <datafield tag="041" ind1=" " ind2=" ">
    <subfield code="a">ukr</subfield>
  </datafield>
  <datafield tag="080" ind1=" " ind2=" ">
    <subfield code="a">908</subfield>
  </datafield>
  <datafield tag="090" ind1=" " ind2=" ">
    <subfield code="a">908</subfield>
    <subfield code="b">&#x428;37</subfield>
  </datafield>
  <datafield tag="100" ind1=" " ind2=" ">
    <subfield code="a">&#x428;&#x435;&#x432;&#x447;&#x443;&#x43A; &#x421;.</subfield>
  </datafield>
  <datafield tag="245" ind1=" " ind2=" ">
    <subfield code="a">&#x423; &#x43A;&#x430;&#x440;&#x431;&#x430;&#x445; &#x43F;&#x430;&#x43C;'&#x44F;&#x442;&#x456; &#x43D;&#x430;&#x440;&#x43E;&#x434;&#x43D;&#x43E;&#x457;</subfield>
    <subfield code="c">&#x421;. &#x428;&#x435;&#x432;&#x447;&#x443;&#x43A;</subfield>
  </datafield>
  <datafield tag="300" ind1=" " ind2=" ">
    <subfield code="a">&#x421;. 45&#x2013;47</subfield>
  </datafield>
  <datafield tag="650" ind1=" " ind2="7">
    <subfield code="a">908 &#x41A;&#x440;&#x430;&#x454;&#x437;&#x43D;&#x430;&#x432;&#x441;&#x442;&#x432;&#x43E;</subfield>
    <subfield code="2">UDC</subfield>
  </datafield>
  <datafield tag="773" ind1="0" ind2=" ">
    <subfield code="0">316423</subfield>
    <subfield code="9">330477</subfield>
    <subfield code="d">&#x420;&#x456;&#x432;&#x43D;&#x435; &#x410;&#x437;&#x430;&#x43B;&#x456;&#x44F; 1996</subfield>
    <subfield code="o">72246</subfield>
    <subfield code="t">&#x428;&#x435;&#x432;&#x447;&#x435;&#x43D;&#x43A;&#x43E;&#x432;&#x456; &#x432;&#x435;&#x440;&#x441;&#x442;&#x432;&#x438;</subfield>
    <subfield code="w">(UA-OsUOA) 30022 </subfield>
  </datafield>
  <datafield tag="942" ind1=" " ind2=" ">
    <subfield code="c">BKA</subfield>
    <subfield code="2">udc</subfield>
  </datafield>
  <datafield tag="955" ind1=" " ind2=" ">
    <subfield code="a">2</subfield>
  </datafield>
</record>
